Practical Electricity (Record no. 183621)
[ view plain ]
| 000 -LEADER | |
|---|---|
| fixed length control field | 01039 a2200157 4500 |
| 003 - CONTROL NUMBER IDENTIFIER | |
| control field | Nust |
| 005 - DATE AND TIME OF LATEST TRANSACTION | |
| control field | 20170207153310.0 |
| 040 ## - CATALOGING SOURCE | |
| Transcribing agency | Nust |
| 100 ## - MAIN ENTRY--PERSONAL NAME | |
| Personal name | Croft , Terrell |
| 245 ## - TITLE STATEMENT | |
| Title | Practical Electricity |
| Statement of responsibility, etc. | Croft , Terrell |
| 260 ## - PUBLICATION, DISTRIBUTION, ETC. | |
| Place of publication, distribution, etc. | London |
| Name of publisher, distributor, etc. | Mc Graw Hill |
| 300 ## - PHYSICAL DESCRIPTION | |
| Extent | 700:p |
| 505 ## - FORMATTED CONTENTS NOTE | |
| Formatted contents note | Matter and the electron theory (Page-1) Magnetism (Page-25) Fundamentals ideas concerning electricity (Page-53) Currents of electricity (Page-66) Electromotive waves (Page-81) Work Power Energy (Page-114) The Generators of electrical energy (Page-127) Electric circuits (Page-131) Electromagnetism (Page-142) The magnetic circuit (Page-152) Applications of electromagnetic (Page-197) Magnetic Traction (Page-204) Hysteresis (Page-210) Electrolysis (Page-257) Storage batteries (Page-261) Reactance of resistance (Page-531) Reactanance and Impedance (Page-545) Polyphone circuits and systems (Page-595) Transformers (Page-618) Three wire Distribution (Page-639) Electronic Tubes (Page-648) |
| 538 ## - SYSTEM DETAILS NOTE | |
| System details note | Almirah No.17 Shelf No.1 |
| 650 ## - SUBJECT ADDED ENTRY--TOPICAL TERM | |
| Topical term or geographic name entry element | Electricity |
| 942 ## - ADDED ENTRY ELEMENTS (KOHA) | |
| Source of classification or shelving scheme | |
| Koha item type | Book |
| Withdrawn status | Lost status | Source of classification or shelving scheme | Damaged status | Not for loan | Collection code | Permanent Location | Current Location | Date acquired | Total Checkouts | Full call number | Barcode | Date last seen | Price effective from | Koha item type |
|---|---|---|---|---|---|---|---|---|---|---|---|---|---|---|
| Military College of Signals (MCS) | Military College of Signals (MCS) | 12/12/2016 | 537 CRO | MCS21962 | 12/08/2016 | 12/12/2016 | Book | |||||||
| Military College of Signals (MCS) | Military College of Signals (MCS) | 12/12/2016 | 537 CRO | MCS5342 | 12/08/2016 | 12/12/2016 | Book | |||||||
| Military College of Signals (MCS) | Military College of Signals (MCS) | 12/12/2016 | 537 CRO | MCS6451 | 12/08/2016 | 12/12/2016 | Book |
